[Event "FIDE World Cup 2025"]
[Site "Goa, India"]
[Date "2025.11.03"]
[Round "8.4"]
[White "Brkic, Ante"]
[Black "Oro, Faustino"]
[Result "0-1"]
[TimeControl ": 90 minutes for the first 40 moves, followed by 30 minutes for the rest of the gamewith an increment of 30 seconds per move starting from move 1"]
[WhiteFideId "14506688"]
[BlackFideId "20000197"]
[WhiteElo "2578"]
[BlackElo "2509"]

1. e4 {[%clk 00:05:06]} c6 {[%clk 00:05:05]} {[%emt 00:00:02]} 2. d4 {[%clk
00:05:07]} {[%emt 00:00:01]} d5 {[%clk 00:05:07]} {[%emt 00:00:01]} 3. exd5
{[%clk 00:05:10]} cxd5 {[%clk 00:05:09]} 4. Nf3 {[%clk 00:05:11]} Nc6 {[%clk
00:05:12]} {[%emt 00:00:01]} 5. c3 {[%clk 00:05:14]} {[%emt 00:00:01]} Qc7
{[%clk 00:05:14]} 6. c4 {[%clk 00:05:16]} {[%emt 00:00:02]} e6 {[%clk
00:04:57]} {[%emt 00:00:19]} 7. Nc3 {[%clk 00:05:18]} {[%emt 00:00:01]} dxc4
{[%clk 00:04:22]} {[%emt 00:00:39]} 8. Bxc4 {[%clk 00:05:16]} {[%emt 00:00:04]}
Nf6 {[%clk 00:04:23]} {[%emt 00:00:02]} 9. O-O {[%clk 00:05:09]} {[%emt
00:00:09]} Be7 {[%clk 00:04:24]} {[%emt 00:00:02]} 10. Bg5 {[%clk 00:04:59]}
{[%emt 00:00:13]} O-O {[%clk 00:04:24]} {[%emt 00:00:04]} 11. Qe2 {[%clk
00:04:59]} {[%emt 00:00:03]} h6 {[%clk 00:04:18]} {[%emt 00:00:09]} 12. Bh4
{[%clk 00:04:41]} {[%emt 00:00:21]} Nh5 {[%clk 00:04:16]} {[%emt 00:00:05]} 13.
Bxe7 {[%clk 00:04:37]} {[%emt 00:00:07]} Qxe7 {[%clk 00:04:14]} {[%emt
00:00:04]} 14. Qe3 {[%clk 00:04:20]} {[%emt 00:00:20]} Nf6 {[%clk 00:03:57]}
{[%emt 00:00:21]} 15. Rad1 {[%clk 00:04:12]} {[%emt 00:00:10]} Qb4 {[%clk
00:03:43]} {[%emt 00:00:17]} 16. Qe2 {[%clk 00:03:57]} {[%emt 00:00:19]} Rd8
{[%clk 00:03:29]} {[%emt 00:00:17]} 17. a3 {[%clk 00:03:04]} {[%emt 00:00:56]}
Qf8 {[%clk 00:03:30]} 18. Rfe1 {[%clk 00:02:37]} {[%emt 00:00:31]} Bd7 {[%clk
00:03:23]} {[%emt 00:00:09]} 19. Ne5 {[%clk 00:02:04]} {[%emt 00:00:38]} Rac8
{[%clk 00:03:22]} {[%emt 00:00:03]} 20. Ba2 {[%clk 00:01:54]} {[%emt 00:00:14]}
Ne7 {[%clk 00:03:00]} {[%emt 00:00:24]} 21. Rd3 {[%clk 00:01:41]} {[%emt
00:00:16]} Ned5 {[%clk 00:02:43]} {[%emt 00:00:21]} 22. Bxd5 {[%clk 00:01:34]}
{[%emt 00:00:10]} exd5 {[%clk 00:02:14]} {[%emt 00:00:32]} 23. Rg3 {[%clk
00:01:29]} {[%emt 00:00:07]} Be6 {[%clk 00:01:57]} {[%emt 00:00:18]} 24. Qe3
{[%clk 00:01:01]} {[%emt 00:00:34]} Kh8 {[%clk 00:01:56]} {[%emt 00:00:04]} 25.
h4 {[%clk 00:00:52]} {[%emt 00:00:11]} Re8 {[%clk 00:01:54]} {[%emt 00:00:06]}
26. Qd3 {[%clk 00:00:36]} {[%emt 00:00:20]} Nh5 {[%clk 00:01:34]} {[%emt
00:00:22]} 27. Rf3 {[%clk 00:00:26]} {[%emt 00:00:12]} Nf6 {[%clk 00:01:36]}
{[%emt 00:00:02]} 28. Rfe3 {[%clk 00:00:21]} {[%emt 00:00:08]} Qd6 {[%clk
00:01:10]} {[%emt 00:00:30]} 29. Qd2 {[%clk 00:00:14]} {[%emt 00:00:11]} a6
{[%clk 00:01:03]} {[%emt 00:00:10]} 30. f3 {[%clk 00:00:13]} {[%emt 00:00:04]}
b5 {[%clk 00:00:59]} {[%emt 00:00:07]} 31. g4 {[%clk 00:00:15]} Nh7 {[%clk
00:00:51]} {[%emt 00:00:11]} 32. R3e2 {[%clk 00:00:13]} {[%emt 00:00:06]} Kg8
{[%clk 00:00:40]} {[%emt 00:00:13]} 33. g5 {[%clk 00:00:09]} {[%emt 00:00:07]}
hxg5 {[%clk 00:00:40]} {[%emt 00:00:03]} 34. hxg5 {[%clk 00:00:11]} {[%emt
00:00:01]} Qd8 {[%clk 00:00:19]} {[%emt 00:00:23]} 35. Rg2 {[%clk 00:00:13]}
{[%emt 00:00:01]} f6 {[%clk 00:00:17]} {[%emt 00:00:06]} 36. g6 {[%clk
00:00:09]} {[%emt 00:00:07]} Nf8 {[%clk 00:00:09]} {[%emt 00:00:11]} 37. Nd3
{[%clk 00:00:09]} {[%emt 00:00:03]} Bh3 {[%clk 00:00:08]} {[%emt 00:00:03]} 38.
Rg3 {[%clk 00:00:07]} {[%emt 00:00:05]} Rxe1+ {[%clk 00:00:09]} {[%emt
00:00:02]} 39. Qxe1 {[%clk 00:00:07]} {[%emt 00:00:03]} Bf5 {[%clk 00:00:11]}
40. Nf4 {[%clk 00:00:10]} {[%emt 00:00:01]} Qd6 {[%clk 00:00:14]} 41. Qd2
{[%clk 00:00:08]} {[%emt 00:00:04]} Nxg6 {[%clk 00:00:11]} {[%emt 00:00:06]} 42.
Rxg6 {[%clk 00:00:05]} {[%emt 00:00:06]} Bxg6 {[%clk 00:00:12]} {[%emt
00:00:01]} 43. Nxg6 {[%clk 00:00:08]} Re8 {[%clk 00:00:09]} {[%emt 00:00:06]}
44. Nf4 {[%clk 00:00:07]} {[%emt 00:00:04]} g5 {[%clk 00:00:10]} {[%emt
00:00:02]} 45. Nfe2 {[%clk 00:00:05]} {[%emt 00:00:04]} Kg7 {[%clk 00:00:09]}
{[%emt 00:00:05]} 46. Qe1 {[%clk 00:00:05]} {[%emt 00:00:04]} Re3 {[%clk
00:00:07]} {[%emt 00:00:04]} 47. Qf2 {[%clk 00:00:06]} {[%emt 00:00:02]} Re8
{[%clk 00:00:05]} {[%emt 00:00:06]} 48. Ng3 {[%clk 00:00:07]} {[%emt 00:00:01]}
Qe6 {[%clk 00:00:06]} {[%emt 00:00:03]} 49. Nce2 {[%clk 00:00:05]} {[%emt
00:00:04]} Kf7 {[%clk 00:00:07]} {[%emt 00:00:02]} 50. f4 {[%clk 00:00:06]}
{[%emt 00:00:03]} Qg4 {[%clk 00:00:09]} {[%emt 00:00:01]} 51. fxg5 {[%clk
00:00:07]} {[%emt 00:00:02]} Qxg5 {[%clk 00:00:10]} {[%emt 00:00:01]} 52. Qh2
{[%clk 00:00:04]} {[%emt 00:00:06]} Rxe2 {[%clk 00:00:09]} {[%emt 00:00:05]}
0-1

[Event "FIDE World Cup 2025"]
[Site "Goa, India"]
[Date "2025.11.03"]
[Round "8.6"]
[White "Raja, Rithvik R"]
[Black "Nogerbek, Kazybek"]
[Result "0-1"]
[TimeControl ": 90 minutes for the first 40 moves, followed by 30 minutes for the rest of the gamewith an increment of 30 seconds per move starting from move 1"]
[WhiteFideId "35007394"]
[BlackFideId "13710427"]
[WhiteElo "2541"]
[BlackElo "2543"]

1. Nf3 {[%clk 00:05:05]} d5 {[%clk 00:05:06]} {[%emt 00:00:01]} 2. g3 {[%clk
00:05:08]} {[%emt 00:00:01]} c5 {[%clk 00:05:08]} 3. Bg2 {[%clk 00:05:10]}
{[%emt 00:00:01]} Nc6 {[%clk 00:05:11]} 4. d4 {[%clk 00:05:12]} {[%emt
00:00:01]} e6 {[%clk 00:05:13]} 5. O-O {[%clk 00:05:13]} {[%emt 00:00:02]} cxd4
{[%clk 00:05:15]} {[%emt 00:00:01]} 6. Nxd4 {[%clk 00:05:15]} {[%emt 00:00:01]}
Bc5 {[%clk 00:05:17]} {[%emt 00:00:01]} 7. Nb3 {[%clk 00:05:10]} {[%emt
00:00:07]} Be7 {[%clk 00:04:47]} {[%emt 00:00:32]} 8. c4 {[%clk 00:05:00]}
{[%emt 00:00:14]} Nf6 {[%clk 00:04:47]} {[%emt 00:00:03]} 9. cxd5 {[%clk
00:05:00]} {[%emt 00:00:03]} exd5 {[%clk 00:04:46]} {[%emt 00:00:04]} 10. Nc3
{[%clk 00:04:57]} {[%emt 00:00:05]} O-O {[%clk 00:04:39]} {[%emt 00:00:10]} 11.
Nxd5 {[%clk 00:04:34]} {[%emt 00:00:27]} Nxd5 {[%clk 00:04:41]} {[%emt
00:00:01]} 12. Bxd5 {[%clk 00:04:28]} {[%emt 00:00:09]} Bf6 {[%clk 00:04:38]}
{[%emt 00:00:05]} 13. Bf4 {[%clk 00:03:29]} {[%emt 00:01:02]} Bh3 {[%clk
00:04:22]} {[%emt 00:00:19]} 14. Bg2 {[%clk 00:03:03]} {[%emt 00:00:29]} Bxg2
{[%clk 00:04:23]} {[%emt 00:00:02]} 15. Kxg2 {[%clk 00:03:05]} {[%emt
00:00:01]} Bxb2 {[%clk 00:04:24]} {[%emt 00:00:02]} 16. Rb1 {[%clk 00:03:06]}
{[%emt 00:00:02]} Ba3 {[%clk 00:04:07]} {[%emt 00:00:19]} 17. Nd2 {[%clk
00:02:40]} {[%emt 00:00:30]} Qe7 {[%clk 00:03:37]} {[%emt 00:00:33]} 18. Qa4
{[%clk 00:02:24]} {[%emt 00:00:20]} Bb4 {[%clk 00:03:26]} {[%emt 00:00:13]} 19.
Nf3 {[%clk 00:02:05]} {[%emt 00:00:21]} Bc5 {[%clk 00:02:52]} {[%emt 00:00:37]}
20. Rfc1 {[%clk 00:01:51]} {[%emt 00:00:18]} Bb6 {[%clk 00:02:50]} {[%emt
00:00:07]} 21. Qc4 {[%clk 00:01:38]} {[%emt 00:00:15]} h6 {[%clk 00:02:49]}
{[%emt 00:00:03]} 22. a4 {[%clk 00:01:33]} {[%emt 00:00:09]} Rad8 {[%clk
00:02:48]} {[%emt 00:00:04]} 23. h4 {[%clk 00:01:26]} {[%emt 00:00:09]} Rfe8
{[%clk 00:02:37]} {[%emt 00:00:11]} 24. e3 {[%clk 00:01:27]} {[%emt 00:00:06]}
Qe4 {[%clk 00:02:36]} {[%emt 00:00:03]} 25. Rb5 {[%clk 00:01:00]} {[%emt
00:00:29]} Qxc4 {[%clk 00:02:29]} {[%emt 00:00:10]} 26. Rxc4 {[%clk 00:01:02]}
{[%emt 00:00:01]} Rd1 {[%clk 00:02:17]} {[%emt 00:00:14]} 27. g4 {[%clk
00:00:57]} {[%emt 00:00:09]} Red8 {[%clk 00:02:11]} {[%emt 00:00:09]} 28. h5
{[%clk 00:00:50]} {[%emt 00:00:10]} R1d5 {[%clk 00:01:56]} {[%emt 00:00:18]} 29.
Nh4 {[%clk 00:00:35]} {[%emt 00:00:18]} Rxb5 {[%clk 00:01:52]} {[%emt
00:00:07]} 30. axb5 {[%clk 00:00:37]} Ne7 {[%clk 00:01:55]} {[%emt 00:00:01]}
31. Re4 {[%clk 00:00:24]} {[%emt 00:00:16]} Kf8 {[%clk 00:01:33]} {[%emt
00:00:24]} 32. Nf3 {[%clk 00:00:18]} {[%emt 00:00:09]} f6 {[%clk 00:01:05]}
{[%emt 00:00:31]} 33. Nh4 {[%clk 00:00:13]} {[%emt 00:00:09]} Kf7 {[%clk
00:01:05]} {[%emt 00:00:03]} 34. Rb4 {[%clk 00:00:08]} {[%emt 00:00:08]} Rd2
{[%clk 00:00:48]} {[%emt 00:00:20]} 35. Kf3 {[%clk 00:00:09]} {[%emt 00:00:03]}
Rc2 {[%clk 00:00:44]} {[%emt 00:00:08]} 36. Rb3 {[%clk 00:00:09]} {[%emt
00:00:03]} Ke6 {[%clk 00:00:39]} {[%emt 00:00:06]} 37. Bg3 {[%clk 00:00:08]}
{[%emt 00:00:04]} Rc4 {[%clk 00:00:22]} {[%emt 00:00:20]} 38. Ng2 {[%clk
00:00:07]} {[%emt 00:00:05]} Nd5 {[%clk 00:00:22]} {[%emt 00:00:04]} 39. Nh4
{[%clk 00:00:08]} {[%emt 00:00:01]} Rc3 {[%clk 00:00:20]} {[%emt 00:00:05]} 40.
Rxc3 {[%clk 00:00:07]} {[%emt 00:00:04]} Nxc3 {[%clk 00:00:23]} 41. Nf5 {[%clk
00:00:09]} Kf7 {[%clk 00:00:25]} {[%emt 00:00:01]} 42. Nd6+ {[%clk 00:00:09]}
{[%emt 00:00:03]} Ke6 {[%clk 00:00:27]} {[%emt 00:00:01]} 43. Nf5 {[%clk
00:00:05]} {[%emt 00:00:07]} Kf7 {[%clk 00:00:29]} 44. Nd6+ {[%clk 00:00:06]}
{[%emt 00:00:02]} Ke6 {[%clk 00:00:32]} 45. Bf4 {[%clk 00:00:07]} {[%emt
00:00:02]} Bc5 {[%clk 00:00:17]} {[%emt 00:00:18]} 46. Nxb7 {[%clk 00:00:09]}
{[%emt 00:00:02]} Be7 {[%clk 00:00:19]} 47. Na5 {[%clk 00:00:05]} {[%emt
00:00:07]} Nxb5 {[%clk 00:00:21]} 48. Nc6 {[%emt 00:00:03]} Kd7 {[%clk
00:00:12]} {[%emt 00:00:11]} 49. Nb8+ {[%clk 00:00:05]} {[%emt 00:00:04]} Ke6
{[%clk 00:00:14]} {[%emt 00:00:02]} 50. Na6 {[%clk 00:00:07]} {[%emt 00:00:01]}
Bd6 {[%clk 00:00:09]} {[%emt 00:00:08]} 51. Ke4 {[%clk 00:00:07]} {[%emt
00:00:03]} Nc3+ {[%clk 00:00:11]} 52. Kd3 {[%clk 00:00:08]} {[%emt 00:00:02]}
Bxf4 {[%clk 00:00:09]} {[%emt 00:00:06]} 53. Kxc3 {[%clk 00:00:08]} {[%emt
00:00:02]} Bd6 {[%clk 00:00:11]} {[%emt 00:00:02]} 54. Kd4 {[%clk 00:00:04]}
{[%emt 00:00:07]} f5 {[%clk 00:00:12]} 55. gxf5+ {[%clk 00:00:06]} {[%emt
00:00:01]} Kxf5 {[%clk 00:00:15]} 56. Kd5 {[%clk 00:00:09]} Bf8 {[%clk
00:00:04]} {[%emt 00:00:14]} 57. Nc7 {[%clk 00:00:06]} {[%emt 00:00:11]} g6
{[%clk 00:00:05]} 58. e4 {[%clk 00:00:07]} Kf6 {[%clk 00:00:05]} {[%emt
00:00:01]} 59. e5+ {[%clk 00:00:09]} Kf5 {[%emt 00:00:05]} 60. Ne6 {[%clk
00:00:09]} Ba3 {[%clk 00:00:07]} {[%emt 00:00:03]} 61. Nd4 {[%clk 00:00:10]}
Kg5 {[%clk 00:00:09]} 62. Nc2 {[%clk 00:00:05]} {[%emt 00:00:09]} Bf8 {[%clk
00:00:08]} {[%emt 00:00:04]} 63. hxg6 {[%clk 00:00:06]} {[%emt 00:00:02]} Kxg6
{[%clk 00:00:11]} 64. f4 {[%clk 00:00:07]} {[%emt 00:00:03]} a5 {[%clk
00:00:08]} {[%emt 00:00:06]} 65. Nd4 {[%clk 00:00:04]} {[%emt 00:00:05]} a4
{[%clk 00:00:09]} {[%emt 00:00:03]} 66. f5+ {[%clk 00:00:07]} Kf7 {[%clk
00:00:10]} {[%emt 00:00:01]} 67. Nc6 {[%clk 00:00:04]} {[%emt 00:00:06]} a3
{[%clk 00:00:12]} {[%emt 00:00:01]} 0-1